000 00558nam a22001937a 4500
003 OSt
005 20260506083214.0
008 260506b |||||||| |||| 00| 0 eng d
020 _a978-1-74252-193-0
040 _aDWCL Main Lib.
_cOC
082 _aGR 551.3 V217 2011
110 _aDiscovery Education
245 _aVanishing ice /
_cDiscovery Education
260 _aAustralia :
_bDiscovery Communications,
_cc2011.
300 _a32 pages :
_bcolored illustrations ;
_c22 cm.
504 _aIncludes index.
650 _a1. Ice.
942 _2ddc
_cGR
_n0
999 _c10298
_d10298